000 00508nam a2200181Ia 4500
003 GCL
008 140319s9999 xx 000 0 ara d
040 _aGCL /
_cGCL
082 0 4 _a069.09565
_bس ك
100 1 _aسليم عادل عبد الحق
245 1 0 _aكنوز متحف دمشق الوطنى /
_cسليم عادل عبد الحق
300 _a43 ص
490 _a
650 0 4 _aالمتاحف
650 0 4 _aدمشق - متاحف
650 0 4 _aمتحف دمشق الوطنى
942 _2ddc
_cBK
999 _c45848
_d45848